00913cam a2200241 a 450000100100000000500170001000800410002702000150006804000290008305000220011208200150013410000340014924500470018326000630023030000200029349000220031349000740033583000860040991000340049504900090052995201180053899900150065600000514420200929151606.0900124s1983 sp 000 0 spa d a8400054997 aDO-SdBNPbspacLCdBNPHU00aMLCM 90/02182 (P) ann*bA775m1 aArribas, Oscar,d1954-91472210aMaquinaciones poéticas /cOscar Arribas. aZaragoza :bInstitución "Fernando el Católico",c1983. a80 p. ;c25 cm.1 a"San Jorge" ;v361 aPublicación núm. 950 de la Institución "Fernando el Católico" 0aPublicación ... de la Institución "Fernando el Católico" ;vno. 950.914723 aCatalogación por copia / LC aBNGR 001054708MOaGRbGRcCTd2009-07-29iLF1l0onn* A775mp5144-10r2020-06-25w2020-06-25y4ZPréstamo en sala c4947d4947